Managing projects in organizations : (Record no. 458)

000 -LEADER
fixed length control field 01365cam a2200325 a 4500
003 - CONTROL NUMBER IDENTIFIER
control field OSt
005 - DATE AND TIME OF LATEST TRANSACTION
control field 20210614103042.0
008 - FIXED-LENGTH DATA ELEMENTS--GENERAL INFORMATION
fixed length control field 950629s1995 caua b 001 0 eng
020 ## - INTERNATIONAL STANDARD BOOK NUMBER
International Standard Book Number 0787901601 (alk. paper)
040 ## - CATALOGING SOURCE
Transcribing agency DLC
050 00 - LIBRARY OF CONGRESS CALL NUMBER
Classification number HD69.P75
Item number .F72 1995
100 1# - MAIN ENTRY--PERSONAL NAME
Personal name Frame, J. Davidson.
245 10 - TITLE STATEMENT
Title Managing projects in organizations :
Remainder of title how to make the best use of time, techniques, and people /
Statement of responsibility, etc. J. Davidson Frame.
250 ## - EDITION STATEMENT
Edition statement Rev. ed.
260 ## - PUBLICATION, DISTRIBUTION, ETC.
Place of publication, distribution, etc. San Francisco :
Name of publisher, distributor, etc. Jossey-Bass Publishers,
Date of publication, distribution, etc. c1995.
300 ## - PHYSICAL DESCRIPTION
Extent xix, 247 p. :
Other physical details ill. ;
Dimensions 24 cm.
440 #4 - SERIES STATEMENT/ADDED ENTRY--TITLE
Title The Jossey-Bass management series
500 ## - GENERAL NOTE
General note "Second edition"--T.p. verso.
504 ## - BIBLIOGRAPHY, ETC. NOTE
Bibliography, etc. note Includes bibliographical references (p. 241-244) and index.
650 #0 - SUBJECT ADDED ENTRY--TOPICAL TERM
Topical term or geographic name entry element Project management.
856 42 - ELECTRONIC LOCATION AND ACCESS
Uniform Resource Identifier http://www.loc.gov/catdir/bios/wiley046/95034014.html
856 42 - ELECTRONIC LOCATION AND ACCESS
Uniform Resource Identifier http://www.loc.gov/catdir/description/wiley0310/95034014.html
856 4# - ELECTRONIC LOCATION AND ACCESS
Uniform Resource Identifier http://www.loc.gov/catdir/toc/onix06/95034014.html
906 ## - LOCAL DATA ELEMENT F, LDF (RLIN)
a 7
b cbc
c orignew
d 1
e ocip
f 19
g y-gencatlg
942 ## - ADDED ENTRY ELEMENTS (KOHA)
Source of classification or shelving scheme
Koha item type Book
Suppress in OPAC DO
Holdings
Withdrawn status Lost status Source of classification or shelving scheme Damaged status Not for loan Permanent Location Current Location Shelving location Date acquired Total Checkouts Full call number Barcode Date last seen Price effective from Koha item type Public note
          AU LIBRARY AU LIBRARY Open Shelf 14.06.2021   HD69.P75 .F72 1995 28000168 14.06.2021 14.06.2021 Book DO

Powered by Koha